|
|
|
|
| LEADER |
01095cam a2200313 7i4500 |
| 001 |
0000067704 |
| 005 |
20190213090000.0 |
| 005 |
##20190213093800.0 |
| 003 |
##MY-KlINT |
| 008 |
181130s2017 my e 000 0 may deng d |
| 020 |
# |
# |
|a 9789678926478
|
| 039 |
# |
9 |
|a 201902130938
|b Zuraidah
|c 201902130838
|d Zuraidah
|c 201811301146
|d Shela
|y 201811301142
|z Shela
|
| 040 |
# |
# |
|a SRWK
|
| 049 |
# |
# |
|a mal
|
| 082 |
0 |
0 |
|a 342.59502
|
| 090 |
0 |
0 |
|a 342.59502
|b MAL
|
| 110 |
0 |
# |
|a Malaysia
|
| 245 |
1 |
0 |
|a PERLEMBAGAAN DAN UNDANG-UNDANG AM [PANDUAN KEPADA CALON-CALON PEPERIKSAAN UNDANG-UNDANG KERAJAAN] :
|b HINGGA 5HB APRIL 2017 /
|c Disusun oleh : Lembaga Penyelidikan Undang-undang.
|
| 264 |
# |
0 |
|a Petaling Jaya, Selangor
|b International Law Book Services
|c 2017
|
| 300 |
# |
# |
|a 922 pages;
|c 24cm.
|
| 336 |
# |
# |
|a text
|2 rdacontent
|
| 337 |
# |
# |
|a unmediated
|2 rdamedia
|
| 338 |
# |
# |
|a volume
|2 rdacarrier
|
| 490 |
0 |
# |
|a LAWS OF MALAYSIA
|
| 583 |
# |
# |
|a LULUS
|
| 650 |
# |
0 |
|a Law --
|z Malaysia
|
| 650 |
# |
0 |
|a Constitutional Law --
|z Malaysia
|
| 710 |
0 |
# |
|a Lembaga Penyelidikan Undang-Undang
|
| 830 |
# |
0 |
|a Undang-undang Malaysia
|